<?xml version="1.0" encoding="UTF-8"?>
<record
    xmlns:xsi="http://www.w3.org/2001/XMLSchema-instance"
    xsi:schemaLocation="http://www.loc.gov/MARC21/slim http://www.loc.gov/standards/marcxml/schema/MARC21slim.xsd"
    xmlns="http://www.loc.gov/MARC21/slim">

  <leader>01036cam a22002774b 4500</leader>
  <controlfield tag="003">3228</controlfield>
  <controlfield tag="005">20231109094753.0</controlfield>
  <controlfield tag="008">2023  s2023    sa a     b    001 0 eng d</controlfield>
  <datafield tag="020" ind1=" " ind2=" ">
    <subfield code="a">9780409041439</subfield>
  </datafield>
  <datafield tag="040" ind1=" " ind2=" ">
    <subfield code="a">rda</subfield>
    <subfield code="b">eng</subfield>
    <subfield code="c">3228</subfield>
  </datafield>
  <datafield tag="043" ind1=" " ind2=" ">
    <subfield code="a">f-sa---</subfield>
  </datafield>
  <datafield tag="082" ind1="0" ind2="4">
    <subfield code="a">658.406 ORGA</subfield>
  </datafield>
  <datafield tag="245" ind1="0" ind2="0">
    <subfield code="a">Organisation development and transformation in South Africa /</subfield>
    <subfield code="c">editors, Marius Meyer, Eben Botha.</subfield>
  </datafield>
  <datafield tag="250" ind1=" " ind2=" ">
    <subfield code="a">2nd ed.</subfield>
  </datafield>
  <datafield tag="260" ind1=" " ind2=" ">
    <subfield code="a">Durban :</subfield>
    <subfield code="b">LexisNexis Butterworths,</subfield>
    <subfield code="c">&#xA9;2004.</subfield>
  </datafield>
  <datafield tag="300" ind1=" " ind2=" ">
    <subfield code="a">xxx, 455 pages :</subfield>
    <subfield code="b">illustrations ;</subfield>
    <subfield code="c">24 cm.</subfield>
  </datafield>
  <datafield tag="336" ind1=" " ind2=" ">
    <subfield code="a">text</subfield>
    <subfield code="b">txt</subfield>
    <subfield code="2">rdacontent.</subfield>
  </datafield>
  <datafield tag="337" ind1=" " ind2=" ">
    <subfield code="a">unmediated</subfield>
    <subfield code="b">n</subfield>
    <subfield code="2">rdamedia.</subfield>
  </datafield>
  <datafield tag="338" ind1=" " ind2=" ">
    <subfield code="a">volume</subfield>
    <subfield code="b">nc</subfield>
    <subfield code="2">rdacarrier.</subfield>
  </datafield>
  <datafield tag="504" ind1=" " ind2=" ">
    <subfield code="a">Includes bibliographical references and index.</subfield>
  </datafield>
  <datafield tag="650" ind1=" " ind2="0">
    <subfield code="a">Organizational change</subfield>
    <subfield code="z">South Africa.</subfield>
    <subfield code="9">184272</subfield>
  </datafield>
  <datafield tag="700" ind1="1" ind2=" ">
    <subfield code="a">Meyer, Marius.</subfield>
    <subfield code="9">120040</subfield>
  </datafield>
  <datafield tag="700" ind1="1" ind2=" ">
    <subfield code="a">Botha, Eben.</subfield>
    <subfield code="9">120172</subfield>
  </datafield>
  <datafield tag="776" ind1="0" ind2="8">
    <subfield code="i">Online version:</subfield>
    <subfield code="t">Organisation development and transformation in South Africa.</subfield>
    <subfield code="b">2nd ed.</subfield>
    <subfield code="d">Durban : LexisNexis Butterworths, &#xA9;2004</subfield>
    <subfield code="w">(OCoLC)654982028.</subfield>
  </datafield>
  <datafield tag="942" ind1=" " ind2=" ">
    <subfield code="2">ddc</subfield>
    <subfield code="c">BOOK</subfield>
    <subfield code="w">169</subfield>
    <subfield code="x">Boniswa Ngcongolo</subfield>
    <subfield code="y">169</subfield>
    <subfield code="z">Boniswa Ngcongolo</subfield>
  </datafield>
  <datafield tag="999" ind1=" " ind2=" ">
    <subfield code="c">760200</subfield>
    <subfield code="d">760199</subfield>
  </datafield>
  <datafield tag="952" ind1=" " ind2=" ">
    <subfield code="0">0</subfield>
    <subfield code="1">0</subfield>
    <subfield code="2">ddc</subfield>
    <subfield code="4">0</subfield>
    <subfield code="7">0</subfield>
    <subfield code="8">600</subfield>
    <subfield code="a">ERMEL</subfield>
    <subfield code="b">KHULL</subfield>
    <subfield code="c">Non_Fiction</subfield>
    <subfield code="d">2023-11-09</subfield>
    <subfield code="l">0</subfield>
    <subfield code="o">658.406 ORGA</subfield>
    <subfield code="p">33228031004985</subfield>
    <subfield code="r">2023-11-09</subfield>
    <subfield code="w">2023-11-09</subfield>
    <subfield code="y">BOOK</subfield>
  </datafield>
</record>
